The time keeper / Mitch Albom.
Available copies
- 7 of 8 copies available at LARL/NWRL Consortium.
- 1 of 2 copies available at Lake Agassiz Regional Library. (Show preferred library)
Current holds
0 current holds with 8 total copies.
View other formats and editions
Show Only Available Copies
| Location | Call Number / Copy Notes | Barcode | Shelving Location | Status | Due Date |
|---|---|---|---|---|---|
| Crookston Public Library | ALB (Text) | 33500010855922 | Main | Available | - |
| Detroit Lakes Public Library | ALB (Text) | 33500010913564 | Main | Checked out | 07/21/2026 |
| Godel Memorial-Warren Library | ALB (Text) | 35500005101579 | Main | Available | - |
| Karlstad LINK Site | ALB (Text) | 35500005101652 | Main | Available | - |
| Red Lake Falls Public Library | ALB (Text) | 35500005101488 | Main | Available | - |
| Roseau Public Library | ALB (Text) | 35500005101678 | Main | Available | - |
| Thief River Falls Public Library | ALB (Text) | 35500005101553 | Main | Available | - |
| Thief River Falls Public Library | ALB (Text) | 35500005101660 | Main | Available | - |
Record details
- ISBN: 9781401322786
- ISBN: 1401322786
- Physical Description: 224 p. ; 20 cm.
- Edition: 1st ed.
- Publisher: New York : Hyperion, c2012.
Content descriptions
| Summary, etc.: | After being punished for trying to measure God's ... Read More |
Search for related items by subject
| Subject: | Time > Fiction. |
| Genre: | Fantasy fiction |
| LDR | 03085cam a22005294a 4500 | ||
|---|---|---|---|
| 001 | 144714 | ||
| 003 | LARL_NWRL_CONSORTIUM | ||
| 005 | 20120911124720.0 | ||
| 008 | 120516s2012 nyu 000 1 eng | ||
| 010 | . | ‡a2012019424 | |
| 020 | . | ‡a9781401322786 | |
| 020 | . | ‡a1401322786 | |
| 035 | . | ‡a(OCoLC)788292762 | |
| 040 | . | ‡aDLC ‡beng ‡cDLC ‡dBTCTA ‡dBDX ‡dYDXCP ‡dUPZ ‡dIEB ‡dIG# ‡dBWX | |
| 042 | . | ‡apcc | |
| 050 | 0 | 0. | ‡aPS3601.L335 ‡bT57 2012 |
| 082 | 0 | 0. | ‡a813/.6 ‡223 |
| 100 | 1 | . | ‡aAlbom, Mitch, ‡d1958- ‡0(LARL_NWRL_CONSORTIUM)154047 |
| 245 | 1 | 4. | ‡aThe time keeper / ‡cMitch Albom. |
| 250 | . | ‡a1st ed. | |
| 260 | . | ‡aNew York : ‡bHyperion, ‡cc2012. | |
| 300 | . | ‡a224 p. ; ‡c20 cm. | |
| 520 | . | ‡aAfter being punished for trying to measure God's greatest gift, Father Time returns to Earth along with a magical hourglass and a mission: a chance to redeem himself by teaching two earthly people the true meaning of time. | |
| 650 | 0. | ‡aTime ‡vFiction. ‡0(LARL_NWRL_CONSORTIUM)167730 | |
| 655 | 7. | ‡aFantasy fiction ‡2gsafd | |
| 948 | . | ‡hNO HOLDINGS IN LAL - 609 OTHER HOLDINGS | |
| 994 | . | ‡aZ0 ‡bLAL | |
| 901 | . | ‡a144714 ‡bOCLC ‡c144714 ‡tbiblio | |

Add to basket
Permalink
Disable Highlighting